[Event "Nuremberg Zabo op 02nd"]
[Site "Nuremberg"]
[Date "2000.09.23"]
[Round "2"]
[White "Grimm, Elisabeth"]
[Black "Petersammer, Georg"]
[Result "1-0"]
[WhiteElo "1347"]
[BlackElo "1715"]
[PlyCount "147"]
[EventDate "2000.09.22"]
[EventType "swiss"]
[EventRounds "5"]
[EventCountry "GER"]
[SourceTitle "EXT 2001"]
[Source "ChessBase"]
[SourceDate "2000.11.22"]
[SourceVersion "1"]
[SourceVersionDate "2000.11.22"]
[SourceQuality "1"]

1. e4 c5 2. Nf3 Nc6 3. Nc3 g6 4. d4 cxd4 5. Nxd4 Bg7 6. Be3 a6 7. Qd2 Qc7 8. Be2 e6 9. f4 Nge7 10. 0-0 0-0 11. Nb3 Na7 12. Bd4 Rd8 13. Qe3 Bxd4 14. Nxd4 d5 15. e5 b5 16. Bd3 Bb7 17. Nce2 Nac6 18. c3 Na5 19. Rf3 Nc4 20. Bxc4 dxc4 21. Rh3 Nf5 22. Qf2 Qc5 23. Nxf5 Qxf2+ 24. Kxf2 exf5 25. Nd4 Rd7 26. Rg3 Be4 27. h4 Kf8 28. h5 Ke7 29. hxg6 hxg6 30. Rh1 Rg8 31. Rh7 Kd8 32. e6 fxe6 33. Nxe6+ Kc8 34. Rxd7 Kxd7 35. Nc5+ Kc6 36. Nxa6 Kb6 37. Nb4 Kc5 38. Ke3 Rg7 39. Rg5 Rg8 40. g4 Bb1 41. gxf5 Bxf5 42. Nc2 Re8+ 43. Kf2 Rd8 44. Nd4 Rxd4 45. cxd4+ Kxd4 46. Rg3 Ke4 47. b3 Kd4 48. bxc4 bxc4 49. Ke1 c3 50. Kd1 Kc4 51. Kc1 Kb4 52. Re3 Kc4 53. Re7 Kb5 54. Rb7+ Kc4 55. a4 Kc5 56. a5 Bd3 57. Rb8 Kc6 58. Rc8+ Kb5 59. Rxc3 Bf5 60. Ra3 Ka6 61. Kb2 Bg4 62. Kc3 Bf5 63. Kb4 Ka7 64. Rc3 Ka6 65. Rc6+ Ka7 66. Kc5 Be4 67. Rf6 Bd3 68. Kd4 Bc2 69. Ke3 Bb1 70. Kf2 Bc2 71. Kg3 Bd3 72. Kh4 Kb7 73. Kg5 Kc7 74. Rxg6 1-0